000 00971nas a2200325 4500
001 BR2015000640
003 BR-BrBNA
005 20231205124955.0
007 ta
008 230509b bl.|||p| |||| 00| 00por d
040 _aBR-BrBNA
_bpor
_cBiblioteca Nacional de Agricultura
041 _a(En)
072 _aF60
100 1 _aRocha, A.C.
100 1 _aCanal, E.C.
100 1 _aCampostrini, E.
100 1 _aReis, F.O.
100 1 _aCuzzuol, G.R.F.
245 1 _aInfluence of chromium in Laguncularia racemosa (L). Gaertn f. physiology
650 _aMANGUE
650 _aMETAL PESADO
650 _aFISIOLOGIA VEGETAL
650 _aRESPIRACAO
650 _aCRESCIMENTO
650 _aCARBOIDRATO
773 0 _tBrazilian Journal of Plant Physiology (Brazil)
_xISSN 1677-0420
_g(2009), v. 21(2) p. 87-94
_wBR2015000640
856 4 0 _uhttp://www.scielo.br/pdf/bjpp/v21n2/v21n2a01.pdf
909 _a202311
_bLúcia
_c55
_dLúcia Elande
942 _2AGRIS
_n0
_cANA
999 _c241931
_d241931